|
|
|
|
| LEADER |
00000nas a2200000 a 4500 |
| 001 |
vtls010685474 |
| 003 |
SK-MaSNL |
| 005 |
20260228163457.0 |
| 008 |
150612d18791925xr x p r 0 b0cze c |
| 040 |
|
|
|a SNMK
|b slo
|c SNMK
|d SNK
|e AACR2
|
| 041 |
0 |
|
|a cze
|
| 044 |
|
|
|a xr
|c CZ
|
| 072 |
|
7 |
|a 78
|x Hudba
|2 konspekt
|
| 080 |
|
|
|a 78
|2 2011
|
| 080 |
|
|
|a 78(091)
|2 2011
|
| 080 |
|
|
|a (051)-048.55
|2 2011
|
| 080 |
|
|
|a 050
|2 2011
|
| 245 |
0 |
0 |
|a Dalibor
|b hudební listy
|
| 260 |
|
|
|a Praha
|b F. A. Urbánek
|c 1879-1925
|
| 300 |
|
|
|a zv.
|c 28 cm
|
| 310 |
|
|
|a Periodicita nie je známa
|
| 362 |
0 |
|
|a 1879-1925
|
| 500 |
|
|
|a Podľa NK ČR titul vychádzal do r. 1925
|
| 650 |
0 |
7 |
|a hudba
|2 SNKPH
|9 1063
|
| 650 |
0 |
7 |
|a dejiny hudby
|2 SNKPH
|9 3387
|
| 655 |
|
7 |
|a špecializované časopisy
|2 SNKPH
|9 70509
|
| 910 |
|
|
|a snmk
|
| 910 |
|
|
|a snk
|
| 999 |
|
|
|c 9518
|d 11448
|
| 952 |
|
|
|0 0
|1 1
|4 0
|7 0
|a SNK
|b SNK
|d 1999-11-26
|l 0
|o snkČB 3841/2/1880
|p 17A0218908
|r 2005-01-02 00:00:00
|t č. 1-36
|w 2026-02-21
|y PREZ
|
| 952 |
|
|
|0 0
|1 1
|4 0
|7 0
|a SNK
|b SNK
|d 1999-10-26
|l 0
|o snkČB 3841/1/1879
|p 17A0215904
|r 2005-01-02 00:00:00
|w 2026-02-21
|y PREZ
|